Robot vision / (Record no. 189139)
[ view plain ]
| 000 -LEADER | |
|---|---|
| fixed length control field | 01136 a2200229 4500 |
| 003 - CONTROL NUMBER IDENTIFIER | |
| control field | Nust |
| 005 - DATE AND TIME OF LATEST TRANSACTION | |
| control field | 20221007153135.0 |
| 010 ## - LIBRARY OF CONGRESS CONTROL NUMBER | |
| LC control number | 85018137 |
| 020 ## - INTERNATIONAL STANDARD BOOK NUMBER | |
| International Standard Book Number | 0070303495 (McGraw-Hill) |
| 020 ## - INTERNATIONAL STANDARD BOOK NUMBER | |
| International Standard Book Number | 0262081598 |
| 040 ## - CATALOGING SOURCE | |
| Transcribing agency | Nust |
| 082 00 - DEWEY DECIMAL CLASSIFICATION NUMBER | |
| Classification number | 629.892,BER |
| 100 1# - MAIN ENTRY--PERSONAL NAME | |
| Personal name | Horn, Berthold. |
| 9 (RLIN) | 97867 |
| 245 10 - TITLE STATEMENT | |
| Title | Robot vision / |
| Statement of responsibility, etc. | Berthold Klaus Paul Horn. |
| 250 ## - EDITION STATEMENT | |
| Edition statement | MIT Press ed. |
| 260 ## - PUBLICATION, DISTRIBUTION, ETC. | |
| Place of publication, distribution, etc. | Cambridge, Mass. : |
| Name of publisher, distributor, etc. | MIT Press ; |
| Place of publication, distribution, etc. | New York : |
| Name of publisher, distributor, etc. | McGraw-Hill, |
| Date of publication, distribution, etc. | c1986. |
| 300 ## - PHYSICAL DESCRIPTION | |
| Extent | x, 509 p. : |
| Other physical details | ill. ; |
| Dimensions | 24 cm. |
| 440 #4 - SERIES STATEMENT/ADDED ENTRY--TITLE | |
| Title | The MIT electrical engineering and computer science series |
| 9 (RLIN) | 99493 |
| 505 ## - FORMATTED CONTENTS NOTE | |
| Formatted contents note | Introduction (Page-1), Image Formation And Image Sensing (Page-18), Binary Images (Page-46), Regions And Image Segmentation (Page-90), Image Processing (Page-103), Edges And Edge Finding (Page-161), Lightness And Color (Page-185). Reflectness Map (Page-202), Motion Field And Optical Flow (Page-278), Photogrammetry And Stereo (Page-299), Pattern Classification (Page-334), Polyhedral Objects (Page-349), Extended Gaussian Images (Page-365), Passive Navigation (Page-400). |
| 650 #0 - SUBJECT ADDED ENTRY--TOPICAL TERM | |
| Topical term or geographic name entry element | Robot vision. |
| 9 (RLIN) | 99231 |
| 942 ## - ADDED ENTRY ELEMENTS (KOHA) | |
| Koha item type | Reference |
| Source of classification or shelving scheme | |
| Withdrawn status | Lost status | Source of classification or shelving scheme | Damaged status | Not for loan | Permanent Location | Current Location | Shelving location | Date acquired | Full call number | Barcode | Date last seen | Price effective from | Koha item type | Public note |
|---|---|---|---|---|---|---|---|---|---|---|---|---|---|---|
| Military College of Signals (MCS) | Military College of Signals (MCS) | Reference | 12/12/2016 | 629.892,BER | MCS33777 | 12/08/2016 | 12/12/2016 | Reference | Almirah No.24, Shelf No.4 |
